History Quiz

Random History or War Quiz

The Deadliest Battles in US history (Hard) Quiz Stats

 Plays Quiz not verified by Sporcle

Score 0/30 Timer 05:00
0 Plays Today
Number of Americans killed Battle Name % Correct
7,863 killed (3,155 Union and 4,708 ConfederacyBattle of Gettysburg
91.3%
19,276 killedBattle of the Bulge
77.6%
4,808 killed (2,108 Union and 2,700 ConfederacyBattle of Antietam
69.4%
7,000 killedBattle of Iwo Jima
67.1%
1,465 killedD-day
53.2%
12,513 killedBattle of Okinawa
52.8%
16,293 killed Battle of Normandy
45.5%
3,482 killed (1,754 Union and 1,728 Confederacy)Battle of Shiloh
44.9%
2,500 killedPearl Harbor Attack
44.7%
7,100 killedBattle of Guadalcanal
42.9%
3,741 killed (2,246 Union and 1,495 Confederacy)Battle of the Wilderness
29.3%
3,271 killed (1,606 Union and 1,665 Confederacy)Battle of Chancellorsville
26.9%
2,572 killedBattle of Sicily
20%
1,677 killedBattle of Tarawa
19.5%
5,538 killedBattle of Anzio
19.3%
Number of Americans killed Battle Name % Correct
3,969 killed (1,657 Union and 2,312 Confederacy)Battle of Chickamauga
19.1%
2,949 killedBattle of Saipan
17.5%
4,192 killed (2,725 Union and 1,467 Confederacy)Battle of Spotsylvania Court House
17%
26,277 killedMeuse-Argonne Offensive
16.7%
Over 1,000 killedBattle of the Kasserine Pass
15.5%
1,747 killed,Second Battle of Guam
13.1%
1,811 killedBattle of Belleau Wood
12.4%
737 killedBattle of Khe Sanh
12.2%
1,010 killedBattle for Manila
12.1%
1,029 killedBattle of Chosin Reservoir
11.2%
1,794 killedBattle of Peleliu
10.4%
Over 12,000 killedBattle of Hurtgen Forest
9.5%
4,599 killedBattle of Pusan Perimeter
8.3%
2,000 killedBattle of Salerno
8.3%
922 killedBattle of Taejon
4.8%

You're not logged in!

Compare scores with friends on all Sporcle quizzes.
OR
Log In

Show Comments

Extras

Top Quizzes Today


Score Distribution

Your Account Isn't Verified!

In order to create a playlist on Sporcle, you need to verify the email address you used during registration. Go to your Sporcle Settings to finish the process.

Report this User

Report this user for behavior that violates our Community Guidelines.

Details: